Eurovision Host Cities - Sudden Death - Statistics

General Stats
  • This quiz has been taken 1,011 times
  • The average score is 16 of 46
Answers on the Grid
Answers color-coded by a green-red scale on the quiz's grid according to % correct below.
London
Paris
Rome
Istanbul
Moscow
Athens
Vienna
Jerusalem
Barcelona
Saint Petersburg
Milan
Venice
Brussels
Amsterdam
Kyiv
Prague
Florence
Kraków
Valencia
Manchester
Frankfurt
Marseille
Munich
Zurich
Madrid
Edinburgh
Warsaw
Stockholm
Lisbon
Budapest
Geneva
Turin
Gdańsk
Liverpool
Salzburg
Hamburg
Seville
Lyon
Naples
Düsseldorf
Copenhagen
Glasgow
Bucharest
Bordeaux
Oslo
The Hague
Lausanne
Antwerp
Dortmund
Helsinki
Bruges
Zagreb
Basel
Rotterdam
Belgrade
Baku
Tel Aviv
Lugano
Tbilisi
Cannes
Luxembourg
Bergen
Gothenburg
Tallinn
Riga
Dublin
Sofia
Minsk
Malmö
Bratislava
Ljubljana
Birmingham
Vilnius
Sarajevo
Tirana
Brighton
Yerevan
Hilversum
Millstreet
Harrogate
 
Answer Stats
Answer % Correct
London
71%
Vienna
66%
Paris
63%
Athens
62%
Rome
60%
Moscow
57%
Istanbul
53%
Jerusalem
52%
Kyiv
42%
Liverpool
42%
Malmö
42%
Oslo
42%
Stockholm
42%
Tel Aviv
41%
Amsterdam
40%
Helsinki
39%
Lisbon
39%
Copenhagen
37%
Dublin
37%
Brussels
35%
Luxembourg
35%
Basel
34%
Baku
32%
Madrid
32%
Rotterdam
32%
Turin
32%
Riga
31%
Tallinn
30%
Düsseldorf
29%
Belgrade
26%
Brighton
24%
Edinburgh
24%
Zagreb
24%
Gothenburg
23%
Millstreet
23%
Harrogate
22%
Lugano
22%
The Hague
22%
Birmingham
21%
Hilversum
21%
Cannes
19%
Frankfurt
19%
Lausanne
19%
Munich
19%
Naples
19%
Bergen
18%
No matching quizzes found
Score Distribution
Percent of People with Each Score
Percentile by Number Answered
Your Score History
You have not taken this quiz